000 00623nam a2200193 a 4500
005 20220526063910.0
008 991125s1918 jal 000 0 spa u
035 _aUPN01000056576
049 _aLT
050 4 _aLB1633 M6
_bF4.7
100 1 _aFentanes, Benito
245 1 0 _aTesoro del idioma castellano /
_cBenito Fentanes
260 _aJalapa :
_bImprenta y Papelería de Aurelio D. Lara e Hijos,
_c1918
300 _a142 p.
500 _a"Para uso de las escuelas primarias superiores y escuelas secundarias"
650 4 _aEspañol
_xEstudio y enseñanza (Secundaria)
_97237
904 _aAC
_b056579
905 _aLibro
999 _c56576
_d56576